|
|
|
|
| LEADER |
01021nam a22002657a 4500 |
| 001 |
38251 |
| 003 |
BD-DhAAL |
| 005 |
20220327124141.0 |
| 008 |
220327t1977 nyua|||| b||| 001 0 eng d |
| 999 |
|
|
|c 43886
|d 43886
|
| 020 |
|
|
|a 0912212071
|
| 040 |
|
|
|a BD-DhAAL
|
| 082 |
|
|
|a 332.4/01
|
| 100 |
|
|
|a Laidler, David E. W.
|9 47432
|
| 245 |
|
|
|a The demand for money :
|b theories and evidence /
|c David E. W. Laidler.
|
| 250 |
|
|
|a Second edition
|
| 260 |
|
|
|a New York :
|b Dun-Donnelley,
|c c1997
|
| 300 |
|
|
|a x, 182 pages :
|b illustrations ;
|c 23 cm.
|
| 504 |
|
|
|a Includes bibliographical references (p.171-177) and indexes.
|
| 541 |
|
|
|a Donated By Akbar Ali Khan
|e 38251
|
| 650 |
|
|
|a Demand for money.
|9 47433
|
| 650 |
|
|
|a Demand for money
|x Mathematical models.
|9 47434
|
| 852 |
|
|
|a Ayesha Abed Library
|c Akbar Ali Khan Collection
|
| 942 |
|
|
|2 ddc
|c BK
|
| 952 |
|
|
|0 0
|1 0
|2 ddc
|4 0
|6 332_401000000000000_LAI
|7 1
|9 70281
|a BRACUL
|b BRACUL
|c AAKC
|d 2022-03-27
|e Donated by Akbar Ali Khan
|l 0
|o 332.401 LAI
|p 3010038251
|r 2022-03-27
|t 1
|w 2022-03-27
|y BK
|